Argumentos sobre el socialismo / (Record no. 113469)

MARC details
000 -LEADER
campo de control de longitud fija 00524nam a2200169 4500
001 - NÚMERO DE CONTROL
campo de control 113469
003 - IDENTIFICADOR DE NÚMERO DE CONTROL
campo de control ES-MaACL
005 - FECHA Y HORA DE LA ÚLTIMA TRANSACCIÓN
campo de control 20230906185914.0
007 - CAMPO FIJO DE DESCRIPCIÓN FÍSICA--INFORMACIÓN GENERAL
campo de control de longitud fija t|
008 - DATOS DE LONGITUD FIJA--INFORMACIÓN GENERAL
campo de control de longitud fija 061121s1967 sp r ||||1| spa d
100 1# - ENTRADA PRINCIPAL--NOMBRE DE PERSONA
Nombre de persona Nobb, Maurice.
9 (RLIN) 85798
245 10 - MENCIÓN DEL TÍTULO
Título Argumentos sobre el socialismo /
Mención de responsabilidad, etc. Maurice Nobb ; traducción de Antonio Gallifa.
260 ## - PUBLICACIÓN, DISTRIBUCIÓN, ETC.
Lugar de publicación, distribución, etc. Madrid :
Nombre del editor, distribuidor, etc. Ciencia Nueva,
Fecha de publicación, distribución, etc. 1967.
300 ## - DESCRIPCIÓN FÍSICA
Extensión 134 p., 1 lám. :
Otras características físicas `retr. aut` ;
Dimensiones 22 cm.
700 1# - ENTRADA AGREGADA--NOMBRE PERSONAL
Nombre de persona Gallifa, Antonio.
9 (RLIN) 53623
852 ## - LOCALIZACIÓN
Ubicación ES-MaACL
Número de control de estantería C-31844
Sublocalización o colección R.62518
Holdings
Estatus retirado Estado de pérdida Estado de daño No para préstamo Biblioteca de origen Biblioteca actual Ubicación en estantería Fecha de adquisición Fuente de adquisición Total de préstamos Signatura topográfica completa Código de barras Visto por última vez Precio de reemplazo Tipo de ítem Koha
        Biblioteca del Ateneo de Madrid Biblioteca del Ateneo de Madrid Depósito 2 17/01/2008     C-31844 1118345 23/02/2023 23/02/2023 Libro impreso